00409nam a2200157Ia 450000500170000000800410001704000190005804100120007708200160008910000190010524500440012426000340016830000090020265000300021185000100024120221208142425.0131103s9999 xx 000 0 und d aLoreto College aEnglish a821.91bSIT aSitwell, Edith 4aThe canticle of the rosecEdith Sitwell aLondonbMacmillan & co.c1949 a53p. aEnglish poem - collection aLCLIB